Vainqueurs, finalistes et troisièmes de la Coupe d'Océanie de Football - Statistiques

Statistiques générales
  • Ce quiz a été pris 89 fois
  • Le résultat moyen est 5 sur 7
Statistiques - réponses
Club % Correct
Australie
100%
Nouvelle-Zélande
100%
Fidji
88%
Papouasie Nouvelle-Guinée
75%
Salomon
72%
Nouvelle-Calédonie
59%
Tahiti
43%
Aucun quiz correspondant
Distribution des résultats
% des personnes avec chaque résultat
Percentile par nombre de réponses
Votre historique - résultats
Vous n’avez pas pris ce quiz